ბათუმის შოთა რუსთაველის სახელმწიფო უნივერსიტეტის ბიბლიოთეკა

თამარიანი ჩახრუხაძისა (ბიბ.ჩანაწერი № 48525)

000 -LEADER
fixed length control field 00840nam a2200229Ia 4500
001 - CONTROL NUMBER
control field 15422
003 - CONTROL NUMBER IDENTIFIER
control field GE_BSU
008 - FIXED-LENGTH DATA ELEMENTS--GENERAL INFORMATION
fixed length control field 181216s||||||||xx |||||||||||||| ||und||
020 ## - INTERNATIONAL STANDARD BOOK NUMBER
Terms of availability საკუთარი სახელების ჩამონათვალი გვ.63-66
040 ## - CATALOGING SOURCE
Transcribing agency GE_BSU
080 ## - UNIVERSAL DECIMAL CLASSIFICATION NUMBER
Universal Decimal Classification number 821.353.1-11
100 ## - MAIN ENTRY--PERSONAL NAME
Personal name ჩახრუხაძე
245 ## - TITLE STATEMENT
Title თამარიანი ჩახრუხაძისა
245 ## - TITLE STATEMENT
Statement of responsibility, etc. წინას.ავტ. და რედ. ს. კაკაბაძე
260 ## - PUBLICATION, DISTRIBUTION, ETC.
Place of publication, distribution, etc. ტფილისი
260 ## - PUBLICATION, DISTRIBUTION, ETC.
Name of publisher, distributor, etc. ფედერაცია
260 ## - PUBLICATION, DISTRIBUTION, ETC.
Date of publication, distribution, etc. 1937
300 ## - PHYSICAL DESCRIPTION
Extent 67გვ.19სმ.
300 ## - PHYSICAL DESCRIPTION
Accompanying material დანართი ლექსიკონი გვ.55-61
653 ## - INDEX TERM--UNCONTROLLED
Uncontrolled term თამარიანი ჩახრუხაძისა
942 ## - ADDED ENTRY ELEMENTS (KOHA)
Koha item type წიგნი
ეგზემპლარები
Withdrawn status Lost status Damaged status Not for loan Date acquired Barcode Date last seen Price effective from Koha item type
        2018-12-17 38472 2018-12-17 2018-12-17 წიგნი
        2018-12-17 38473 2018-12-17 2018-12-17 წიგნი
        2018-12-17 38474 2018-12-17 2018-12-17 წიგნი
        2018-12-17 38475 2018-12-17 2018-12-17 წიგნი